Organizational behavior / (Record no. 347573)
[ view plain ]
| 000 -LEADER | |
|---|---|
| fixed length control field | 01165 a2200229 4500 |
| 020 ## - INTERNATIONAL STANDARD BOOK NUMBER | |
| International Standard Book Number | 0471246514 (hardcover) |
| 020 ## - INTERNATIONAL STANDARD BOOK NUMBER | |
| International Standard Book Number | 9780471246510 (hardcover) |
| 082 04 - DEWEY DECIMAL CLASSIFICATION NUMBER | |
| Classification number | 658 |
| 090 ## - LOCALLY ASSIGNED LC-TYPE CALL NUMBER (OCLC); LOCAL CALL NUMBER (RLIN) | |
| -- | 5153 |
| -- | 5153 |
| 100 1# - MAIN ENTRY--PERSONAL NAME | |
| Personal name | Schermerhorn, John R. |
| 245 10 - TITLE STATEMENT | |
| Title | Organizational behavior / |
| Statement of responsibility, etc. | John R. Schermerhorn, James G. Hunt, Richard N. Osborn. |
| 250 ## - EDITION STATEMENT | |
| Edition statement | 6 Sub ed. |
| 260 ## - PUBLICATION, DISTRIBUTION, ETC. | |
| Place of publication, distribution, etc. | [S.l.] : |
| Name of publisher, distributor, etc. | Horizon Pubs & Distributors Inc, |
| Date of publication, distribution, etc. | 1997. |
| 300 ## - PHYSICAL DESCRIPTION | |
| Extent | 656 p. ; |
| Dimensions | 26 cm. |
| 490 1# - SERIES STATEMENT | |
| Series statement | Wiley series in management. |
| 520 ## - SUMMARY, ETC. | |
| Summary, etc. | This book presents the foundations of organizational behavior in a flexible, meaningful way. It provides readers with increased awareness of recent technological advances through the World Wide Web. It features an increased emphasis on globalization by including Canadian and other international companies in case studies and exercises and helps readers develop a heightened sensitivity to international market concerns. |
| 700 1# - ADDED ENTRY--PERSONAL NAME | |
| Personal name | Hunt, James G. |
| 700 1# - ADDED ENTRY--PERSONAL NAME | |
| Personal name | Osborn, Richard N. |
| 830 #0 - SERIES ADDED ENTRY--UNIFORM TITLE | |
| Uniform title | Wiley series in management. |
| 856 40 - ELECTRONIC LOCATION AND ACCESS | |
| Materials specified | Amazon.com |
| Uniform Resource Identifier | <a href="http://www.amazon.com/exec/obidos/ASIN/0471246514/chopaconline-20">http://www.amazon.com/exec/obidos/ASIN/0471246514/chopaconline-20</a> |
| 942 ## - ADDED ENTRY ELEMENTS (KOHA) | |
| Institution code [OBSOLETE] | NBS |
| Koha item type | Book |
| Call number prefix | 658 HUN |
| Withdrawn status | Lost status | Damaged status | Not for loan | Permanent Location | Current Location | Date acquired | Total Checkouts | Full call number | Barcode | Date last seen | Date last checked out | Price effective from | Koha item type |
|---|---|---|---|---|---|---|---|---|---|---|---|---|---|
| Central Library (CL) | Central Library (CL) | 08/28/2013 | 3 | 658 HUN | NBS5799 | 06/22/2018 | 02/19/2014 | 08/28/2013 | Book |
